[Event "9th IBCA World Chess Cup Teams for Blind and Visually Impaired Chess Players 2022"]
[Site "Ohrid, North Macedonia"]
[Date "2022.06.28"]
[Round "1"]
[White "Pulvett Marin, Daniel Eduardo"]
[Black "Antonini, Franco"]
[Result "1-0"]
[Board "1"]
[WhiteElo "2523"]
[BlackElo "2082"]
[PlyCount "57"]
[EventDate "2022.06.28"]
[EventType "team"]
[EventRounds "7"]
[EventCountry "MKD"]
[WhiteTeam "Spain"]
[BlackTeam "Italy"]

1. d4 Nf6 2. c4 d5 3. cxd5 Nxd5 4. Nf3 e6 5. e4 Bb4+ 6. Bd2 Bxd2+ 7. Qxd2
Nf6 8. Nc3 b6 9. Bb5+ c6 10. Bd3 Ba6 11. e5 Nd5 12. Ne4 O-O 13. Neg5 h6 14.
Bh7+ Kh8 15. h4 Qe7 16. a3 f6 17. exf6 gxf6 18. Be4 Kg7 19. Nh3 Nd7 20.
O-O-O Bc4 21. Rde1 b5 22. Bf5 e5 23. Nf4 Nxf4 24. Qxf4 Nb6 25. dxe5 Nd5 26.
exf6+ Qxf6 27. Qg4+ Kh8 28. Re6 Qg7 29. Rg6 1-0

[Event "9th IBCA World Chess Cup Teams for Blind and Visually Impaired Chess Players 2022"]
[Site "Ohrid, North Macedonia"]
[Date "2022.06.28"]
[Round "1"]
[White "Casadei, Marco"]
[Black "Draghici Flutur, Gavril"]
[Result "0-1"]
[Board "2"]
[WhiteElo "1987"]
[BlackElo "2100"]
[PlyCount "44"]
[EventDate "2022.06.28"]
[EventType "team"]
[EventRounds "7"]
[EventCountry "MKD"]
[WhiteTeam "Italy"]
[BlackTeam "Spain"]

1. e4 c5 2. Nf3 d6 3. d4 Nf6 4. Nc3 cxd4 5. Nxd4 Nc6 6. Bc4 e6 7. Be3 Be7
8. Qe2 O-O 9. O-O-O a6 10. Rhg1 Nxd4 11. Bxd4 b5 12. Bb3 b4 13. Na4 Bd7 14.
Nb6 Bb5 15. Bc4 Rb8 16. Bxb5 axb5 17. Qxb5 e5 18. Be3 Ng4 19. Bc5 Qc7 20.
Qd7 Qxc5 21. Nd5 Bg5+ 22. f4 Ne3 0-1

[Event "9th IBCA World Chess Cup Teams for Blind and Visually Impaired Chess Players 2022"]
[Site "Ohrid, North Macedonia"]
[Date "2022.06.28"]
[Round "1"]
[White "Vela Ignacio, Jose Manuel"]
[Black "Vrioni, Bersan"]
[Result "1/2-1/2"]
[Board "3"]
[WhiteElo "2026"]
[BlackElo "1934"]
[PlyCount "44"]
[EventDate "2022.06.28"]
[EventType "team"]
[EventRounds "7"]
[EventCountry "MKD"]
[WhiteTeam "Spain"]
[BlackTeam "Italy"]

1. d4 d5 2. c4 e6 3. Nc3 Nf6 4. cxd5 exd5 5. Bg5 Be7 6. e3 O-O 7. Bd3 c6 8.
Nge2 h6 9. Bh4 Be6 10. Qc2 Nh5 11. Bxe7 Qxe7 12. Ng3 Nf6 13. O-O Nbd7 14.
Rac1 Qd6 15. f3 Nb6 16. Qf2 Rad8 17. Nge2 Qd7 18. Qh4 Bf5 19. e4 Bh7 20.
Bb1 dxe4 21. fxe4 Nc4 22. e5 Nd5 1/2-1/2

[Event "9th IBCA World Chess Cup Teams for Blind and Visually Impaired Chess Players 2022"]
[Site "Ohrid, North Macedonia"]
[Date "2022.06.28"]
[Round "1"]
[White "Badano, Giancarlo"]
[Black "Fernandez Manrique, Agustin"]
[Result "1/2-1/2"]
[Board "4"]
[WhiteElo "1799"]
[BlackElo "2022"]
[PlyCount "40"]
[EventDate "2022.06.28"]
[EventType "team"]
[EventRounds "7"]
[EventCountry "MKD"]
[WhiteTeam "Italy"]
[BlackTeam "Spain"]

1. e4 d6 2. d4 Nf6 3. Bd3 e5 4. d5 Nbd7 5. c4 Nc5 6. Nc3 g6 7. Bc2 a5 8.
Nge2 Bg7 9. O-O O-O 10. h3 Ne8 11. Be3 b6 12. a3 f5 13. exf5 gxf5 14. f4
Qh4 15. Qe1 Qxe1 16. Raxe1 Bd7 17. Kh2 a4 18. g3 exf4 19. gxf4 Nf6 20. Bd4
Bh6 1/2-1/2

[Event "9th IBCA World Chess Cup Teams for Blind and Visually Impaired Chess Players 2022"]
[Site "Ohrid, North Macedonia"]
[Date "2022.06.29"]
[Round "2"]
[White "Antonini, Franco"]
[Black "Soundarya, Kumar Pradhan"]
[Result "1/2-1/2"]
[Board "1"]
[WhiteElo "2082"]
[BlackElo "1782"]
[PlyCount "113"]
[EventDate "2022.06.28"]
[EventType "team"]
[EventRounds "7"]
[EventCountry "MKD"]
[WhiteTeam "Italy"]
[BlackTeam "India"]

1. e4 e6 2. d4 d5 3. exd5 exd5 4. Bd3 c5 5. dxc5 Bxc5 6. Nc3 Nf6 7. Bg5 O-O
8. h3 Nc6 9. Nge2 Be6 10. O-O Rc8 11. Nf4 h6 12. Bxf6 Qxf6 13. Nfxd5 Bxd5
14. Nxd5 Qxb2 15. Rb1 Qxa2 16. Nf6+ Kh8 17. Nd7 b6 18. Nxf8 Rxf8 19. Qh5
Qe6 20. Rbe1 Qd7 21. Rd1 Qe6 22. Rde1 Qd7 23. Rd1 Qe6 24. Bf5 Qe5 25. Qg4
Nd4 26. Bd3 f5 27. Qh5 Bd6 28. g3 Qd5 29. f4 Bc5 30. Kh2 Kh7 31. Rd2 Bb4
32. Rdf2 Bc3 33. g4 g6 34. Qh4 a5 35. Qe7+ Rf7 36. Qe8 Qd7 37. Qxd7 Rxd7
38. gxf5 gxf5 39. Rb1 b5 40. Rxb5 Nxb5 41. Bxf5+ Kg7 42. Bxd7 Nd4 43. Kg3
Be1 44. c4 Kf6 45. Kg2 Bxf2 46. Kxf2 Ke7 47. Ke3 Nc2+ 48. Kd2 Na3 49. Bb5
Ke6 50. Kc3 Kf5 51. Kb2 Nxc4+ 52. Bxc4 Kxf4 53. Ka3 h5 54. Ka4 Ke5 55. Kxa5
Kf6 56. Kb6 Kg7 57. Kc7 1/2-1/2

[Event "9th IBCA World Chess Cup Teams for Blind and Visually Impaired Chess Players 2022"]
[Site "Ohrid, North Macedonia"]
[Date "2022.06.29"]
[Round "2"]
[White "Kishan, Gangolli"]
[Black "Casadei, Marco"]
[Result "1/2-1/2"]
[Board "2"]
[WhiteElo "2092"]
[BlackElo "1987"]
[PlyCount "87"]
[EventDate "2022.06.28"]
[EventType "team"]
[EventRounds "7"]
[EventCountry "MKD"]
[WhiteTeam "India"]
[BlackTeam "Italy"]

1. d4 Nf6 2. c4 g6 3. Nc3 Bg7 4. e4 d6 5. Be2 O-O 6. Be3 Na6 7. Nf3 c5 8.
d5 e6 9. Nd2 exd5 10. cxd5 Re8 11. O-O Bd7 12. a4 Nb4 13. Nc4 Qc7 14. Bf4
Nxe4 15. Nxe4 Rxe4 16. Bxd6 Qc8 17. Bg3 Rd4 18. Qb3 Rxd5 19. Nd6 Qf8 20.
Rad1 Be6 21. Bc4 Rxd1 22. Rxd1 Bxc4 23. Qxc4 b6 24. Qe4 Rd8 25. Qb7 Bd4 26.
Qc7 Nd5 27. Qc6 Nf6 28. h3 Bxb2 29. a5 Bd4 30. axb6 axb6 31. Qxb6 Qe7 32.
Kf1 Nh5 33. Bh2 Qf6 34. Rxd4 cxd4 35. Be5 Qxe5 36. Qxd8+ Kg7 37. Qh8+ Kxh8
38. Nxf7+ Kg7 39. Nxe5 Nf4 40. g3 Nxh3 41. Nf3 Kf6 42. Nxd4 Ng5 43. Kg2 h5
44. Nf3 1/2-1/2

[Event "9th IBCA World Chess Cup Teams for Blind and Visually Impaired Chess Players 2022"]
[Site "Ohrid, North Macedonia"]
[Date "2022.06.29"]
[Round "2"]
[White "Vrioni, Bersan"]
[Black "Marimuthu, K"]
[Result "1-0"]
[Board "3"]
[WhiteElo "1934"]
[BlackElo "1626"]
[PlyCount "123"]
[EventDate "2022.06.28"]
[EventType "team"]
[EventRounds "7"]
[EventCountry "MKD"]
[WhiteTeam "Italy"]
[BlackTeam "India"]

1. e4 e6 2. d4 d5 3. e5 Bd7 4. Nf3 a6 5. a4 c5 6. c3 Nc6 7. Be2 cxd4 8.
cxd4 Nge7 9. Na3 h6 10. Nc2 g5 11. h3 Ng6 12. g3 Na5 13. Nd2 Be7 14. b3 Qb6
15. Ba3 Nc6 16. Bb2 Qa5 17. Kf1 Nb4 18. Ne3 Rc8 19. Kg2 Qb6 20. Nf3 h5 21.
Qd2 a5 22. Rhc1 Bc6 23. Nc2 Qd8 24. Nxb4 axb4 25. Rc2 Kd7 26. Ne1 h4 27.
Nd3 Qf8 28. Rac1 Rh7 29. g4 f6 30. exf6 Qxf6 31. Ne5+ Nxe5 32. dxe5 Qf8 33.
Bd4 Rf7 34. Bb5 Rf3 35. Be3 Rf4 36. Bxf4 gxf4 37. f3 Rc7 38. Qd4 Bd8 39.
Qb6 Qg7 40. Bxc6+ bxc6 41. Rxc6 Qxe5 42. Rxc7+ Bxc7 43. Rxc7+ Qxc7 44.
Qxc7+ Kxc7 45. g5 Kd6 46. g6 Ke7 47. a5 Kf6 48. a6 Kxg6 49. a7 Kf5 50. a8=Q
Ke5 51. Qh8+ Kd6 52. Qd4 e5 53. Qxb4+ Ke6 54. Qc5 e4 55. fxe4 dxe4 56. b4
e3 57. Kf3 Kd7 58. b5 Ke6 59. b6 Kd7 60. b7 e2 61. Kxe2 Ke6 62. b8=R 1-0

[Event "9th IBCA World Chess Cup Teams for Blind and Visually Impaired Chess Players 2022"]
[Site "Ohrid, North Macedonia"]
[Date "2022.06.29"]
[Round "2"]
[White "Swapanil, Shah"]
[Black "Badano, Giancarlo"]
[Result "1/2-1/2"]
[Board "4"]
[WhiteElo "1652"]
[BlackElo "1799"]
[PlyCount "54"]
[EventDate "2022.06.28"]
[EventType "team"]
[EventRounds "7"]
[EventCountry "MKD"]
[WhiteTeam "India"]
[BlackTeam "Italy"]

1. d4 e6 2. Nf3 d5 3. Bf4 c5 4. c3 Nc6 5. e3 Nf6 6. Bd3 c4 7. Bc2 Bd7 8.
Nbd2 Be7 9. h3 Nh5 10. Bh2 f5 11. Ne5 Nf6 12. O-O O-O 13. Ndf3 Nxe5 14.
Nxe5 Be8 15. g4 Bg6 16. f4 Ne4 17. Bxe4 fxe4 18. Qe1 Bf6 19. Nxg6 hxg6 20.
g5 Be7 21. Kg2 Kf7 22. Bg3 Rh8 23. Rh1 Bd6 24. Qe2 Qd7 25. h4 Rh5 26. Raf1
Ke7 27. Rf2 b5 1/2-1/2

[Event "9th IBCA World Chess Cup Teams for Blind and Visually Impaired Chess Players 2022"]
[Site "Ohrid, North Macedonia"]
[Date "2022.06.30"]
[Round "3"]
[White "Selkovski, Zarko"]
[Black "Antonini, Franco"]
[Result "1-0"]
[Board "1"]
[WhiteElo "1967"]
[BlackElo "2082"]
[PlyCount "51"]
[EventDate "2022.06.28"]
[EventType "team"]
[EventRounds "7"]
[EventCountry "MKD"]
[WhiteTeam "North Macedonia"]
[BlackTeam "Italy"]

1. e4 e5 2. Nf3 Nc6 3. Bc4 Bc5 4. c3 d6 5. h3 h6 6. d3 Nge7 7. O-O Ng6 8.
d4 exd4 9. cxd4 Bb6 10. Nc3 O-O 11. Be3 Nh4 12. Nxh4 Qxh4 13. f4 Bxh3 14.
Qd2 Bg4 15. f5 Rae8 16. Rf4 h5 17. Nd5 Kh7 18. Raf1 Ne7 19. Nxe7 Rxe7 20.
f6 gxf6 21. Rxf6 Rxe4 22. Bd3 d5 23. Bxe4+ dxe4 24. Rh6+ Kg7 25. Bg5 Rd8
26. Bxh4 1-0

[Event "9th IBCA World Chess Cup Teams for Blind and Visually Impaired Chess Players 2022"]
[Site "Ohrid, North Macedonia"]
[Date "2022.06.30"]
[Round "3"]
[White "Casadei, Marco"]
[Black "Capanov, Mile"]
[Result "1-0"]
[Board "2"]
[WhiteElo "1987"]
[BlackElo "1951"]
[PlyCount "49"]
[EventDate "2022.06.28"]
[EventType "team"]
[EventRounds "7"]
[EventCountry "MKD"]
[WhiteTeam "Italy"]
[BlackTeam "North Macedonia"]

1. e4 e5 2. Nf3 Nc6 3. Bc4 Bc5 4. c3 Nf6 5. d4 exd4 6. cxd4 Bb4+ 7. Bd2
Bxd2+ 8. Nbxd2 d5 9. exd5 Nxd5 10. Qb3 Na5 11. Qa4+ c6 12. O-O O-O 13. Bxd5
Qxd5 14. Rfe1 b6 15. Re5 Qd8 16. b4 Nc4 17. Nxc4 b5 18. Qc2 bxc4 19. Qxc4
Be6 20. Qxc6 Rc8 21. Qe4 g6 22. d5 f5 23. Qd4 Bf7 24. a4 Rc7 25. Rae1 1-0

[Event "9th IBCA World Chess Cup Teams for Blind and Visually Impaired Chess Players 2022"]
[Site "Ohrid, North Macedonia"]
[Date "2022.06.30"]
[Round "3"]
[White "Kostadinovski, Zoran"]
[Black "Vrioni, Bersan"]
[Result "1-0"]
[Board "3"]
[WhiteElo "1913"]
[BlackElo "1934"]
[PlyCount "83"]
[EventDate "2022.06.28"]
[EventType "team"]
[EventRounds "7"]
[EventCountry "MKD"]
[WhiteTeam "North Macedonia"]
[BlackTeam "Italy"]

1. d4 d5 2. c4 e6 3. Nc3 Nf6 4. cxd5 exd5 5. Bg5 Be7 6. e3 c6 7. Bd3 O-O 8.
Qc2 Nbd7 9. Nge2 Re8 10. O-O Nf8 11. Rab1 Nh5 12. Bxe7 Qxe7 13. b4 a6 14.
a4 Qg5 15. a5 Bh3 16. Ng3 Nxg3 17. hxg3 Be6 18. Na4 Rad8 19. Nc5 Bc8 20.
Rfe1 h5 21. Be2 h4 22. gxh4 Qxh4 23. g3 Qf6 24. Kg2 Nh7 25. Rh1 Ng5 26. Nd3
Ne4 27. Rbc1 g6 28. Ne5 Kg7 29. Rh4 Rh8 30. Rch1 Rxh4 31. Rxh4 Rh8 32. Rxh8
Kxh8 33. f3 Nd6 34. Qc5 Kg7 35. Qb6 Qe7 36. Qc5 Qe6 37. Qb6 Qe7 38. Qa7 Qc7
39. Bxa6 Nb5 40. Bxb5 cxb5 41. Qc5 Qxc5 42. dxc5 1-0

[Event "9th IBCA World Chess Cup Teams for Blind and Visually Impaired Chess Players 2022"]
[Site "Ohrid, North Macedonia"]
[Date "2022.06.30"]
[Round "3"]
[White "Badano, Giancarlo"]
[Black "Atanasovski, Blazhe"]
[Result "1/2-1/2"]
[Board "4"]
[WhiteElo "1799"]
[BlackElo "1763"]
[PlyCount "143"]
[EventDate "2022.06.28"]
[EventType "team"]
[EventRounds "7"]
[EventCountry "MKD"]
[WhiteTeam "Italy"]
[BlackTeam "North Macedonia"]

1. e4 e5 2. Nf3 Nf6 3. Nc3 Nc6 4. Bc4 Nxe4 5. Nxe4 d5 6. Bd3 dxe4 7. Bxe4
Bd6 8. Bxc6+ bxc6 9. d3 Bg4 10. h3 Bh5 11. g4 Bg6 12. Bg5 f6 13. Be3 c5 14.
Nd2 Rb8 15. b3 Qd7 16. f3 h5 17. Kf2 f5 18. Qe2 Kd8 19. Bg5+ Kc8 20. Kg2
Bf7 21. gxf5 Qxf5 22. Ne4 Bd5 23. h4 Kd7 24. Raf1 Be6 25. Qe3 Kc6 26. Nc3
Rbf8 27. Qe4+ Qxe4 28. Nxe4 Kd7 29. Kf2 Rf7 30. Ke3 Rhf8 31. Rhg1 Bh3 32.
Rf2 Be6 33. Rg3 a6 34. Ke2 Bd5 35. Rfg2 Be6 36. Be3 Kc6 37. Ng5 Rf6 38.
Nxe6 Rxe6 39. Rxg7 Rh8 40. R2g6 Ree8 41. Bg5 Kb5 42. Rf7 Kb4 43. a4 Kc3 44.
Kd1 Kd4 45. Kd2 Rc8 46. Be3+ Kd5 47. Bg5 Kd4 48. Be3+ Kd5 49. c4+ Kc6 50.
b4 cxb4 51. c5 b3 52. Kc3 Rb8 53. cxd6 cxd6 54. Kb2 Rbf8 55. Rxf8 Rxf8 56.
Rg3 Kd5 57. Kxb3 Rb8+ 58. Kc3 a5 59. Rg7 Rb4 60. Ra7 Rxh4 61. Rxa5+ Ke6 62.
Ra8 Rh3 63. Rf8 d5 64. Bb6 Rh1 65. a5 h4 66. Bf2 h3 67. Bg3 h2 68. Bxh2
Rxh2 69. Ra8 Rf2 70. Rf8 Kd7 71. Kb4 Rd2 72. Kc3 1/2-1/2

[Event "9th IBCA World Chess Cup Teams for Blind and Visually Impaired Chess Players 2022"]
[Site "Ohrid, North Macedonia"]
[Date "2022.07.01"]
[Round "4"]
[White "Cajzler, Hinko"]
[Black "Antonini, Franco"]
[Result "0-1"]
[Board "1"]
[WhiteElo "2081"]
[BlackElo "2082"]
[PlyCount "96"]
[EventDate "2022.06.28"]
[EventType "team"]
[EventRounds "7"]
[EventCountry "MKD"]
[WhiteTeam "Croatia"]
[BlackTeam "Italy"]

1. e4 Nc6 2. Nf3 e5 3. Bb5 Bc5 4. c3 Nge7 5. d4 exd4 6. cxd4 Bb4+ 7. Nc3 d5
8. e5 Bf5 9. a3 Bxc3+ 10. bxc3 O-O 11. O-O Ng6 12. Bd3 Qd7 13. Qc2 Bxd3 14.
Qxd3 Rae8 15. Rb1 b6 16. Bg5 Na5 17. Nd2 Qg4 18. Qg3 Qf5 19. Rfc1 c6 20. a4
h6 21. Be3 Kh7 22. f4 Qd3 23. Qf2 f6 24. Qg3 Ne7 25. Qe1 g5 26. fxg5 fxe5
27. dxe5 Ng6 28. Qg3 Nxe5 29. Qh3 Ng4 30. Bd4 Qxd2 31. Qxg4 Qxg5 32. Qh3 c5
33. Bf2 Qf5 34. Qxf5+ Rxf5 35. Re1 Ref8 36. Bg3 R8f7 37. Rbd1 Rd7 38. Bf2
Nc4 39. Re6 Rdf7 40. Bg3 Nb2 41. Rc1 Nxa4 42. h4 Nb2 43. Kh2 Nc4 44. Re2 a5
45. Ra2 h5 46. Kh3 Rf1 47. Rxf1 Rxf1 48. Kh2 Rc1 0-1

[Event "9th IBCA World Chess Cup Teams for Blind and Visually Impaired Chess Players 2022"]
[Site "Ohrid, North Macedonia"]
[Date "2022.07.01"]
[Round "4"]
[White "Casadei, Marco"]
[Black "Culjak, Miso"]
[Result "1-0"]
[Board "2"]
[WhiteElo "1987"]
[BlackElo "1675"]
[PlyCount "71"]
[EventDate "2022.06.28"]
[EventType "team"]
[EventRounds "7"]
[EventCountry "MKD"]
[WhiteTeam "Italy"]
[BlackTeam "Croatia"]

1. e4 e6 2. d4 d5 3. Nc3 Nf6 4. Bg5 Be7 5. e5 Nfd7 6. Bxe7 Qxe7 7. f4 a6 8.
Nf3 c5 9. Qd2 Nc6 10. dxc5 Nxc5 11. Bd3 Bd7 12. Ne2 Nb4 13. Ned4 Ncxd3+ 14.
cxd3 Nc6 15. O-O O-O 16. Rae1 Rac8 17. Kh1 Rc7 18. g4 f5 19. gxf5 exf5 20.
Qg2 Be6 21. Nxe6 Qxe6 22. Ng5 Qd7 23. e6 Qe7 24. Qxd5 Nd8 25. Rc1 Nc6 26.
Nf7 Re8 27. Rfe1 Qf6 28. Nd6 Ree7 29. Nxf5 Re8 30. Nd6 Ree7 31. Nf5 Re8 32.
e7+ Kh8 33. Rg1 Nxe7 34. Nxe7 Rxc1 35. Rxc1 Qxe7 36. Qe5 1-0

[Event "9th IBCA World Chess Cup Teams for Blind and Visually Impaired Chess Players 2022"]
[Site "Ohrid, North Macedonia"]
[Date "2022.07.01"]
[Round "4"]
[White "Drazetic, Novica"]
[Black "Vrioni, Bersan"]
[Result "0-1"]
[Board "3"]
[WhiteElo "1605"]
[BlackElo "1934"]
[PlyCount "152"]
[EventDate "2022.06.28"]
[EventType "team"]
[EventRounds "7"]
[EventCountry "MKD"]
[WhiteTeam "Croatia"]
[BlackTeam "Italy"]

1. e4 e5 2. Nf3 d6 3. d4 exd4 4. Nxd4 Nf6 5. Nc3 Be7 6. Be2 O-O 7. O-O Re8
8. Re1 Bf8 9. Bf1 Nbd7 10. f3 Ne5 11. Be3 d5 12. exd5 Nxd5 13. Nxd5 Qxd5
14. Nb5 Qc6 15. Bd4 Bc5 16. f4 Bg4 17. Qd2 Ng6 18. Bxc5 Qxc5+ 19. Qf2 Qxf2+
20. Kxf2 Red8 21. Kg3 Bf5 22. Rad1 c6 23. Nd4 Bd7 24. Nf3 f6 25. Bc4+ Kf8
26. Nd4 Ne7 27. Rd2 Nf5+ 28. Nxf5 Bxf5 29. Rde2 Re8 30. Rxe8+ Rxe8 31.
Rxe8+ Kxe8 32. c3 Ke7 33. Kf2 Kd6 34. Ke3 Kc5 35. b3 a5 36. a4 Bc2 37. Kd2
Be4 38. g3 h6 39. h4 b6 40. g4 g5 41. hxg5 hxg5 42. fxg5 fxg5 43. Be2 Kd6
44. b4 Ke5 45. bxa5 bxa5 46. Ke3 c5 47. Bb5 Bc2 48. Bc6 Bd1 49. Bd7 Kd6 50.
Kd2 Bf3 51. Bf5 Ke5 52. Ke3 Bc6 53. Bc2 Be8 54. Kf3 Bf7 55. Ke3 Bc4 56. Bd1
Ba2 57. Bc2 Kd5 58. Kd3 Bc4+ 59. Ke3 Ke5 60. Bd1 Bf1 61. Bc2 Bg2 62. Bd1
Bd5 63. Be2 Bb3 64. Bb5 Bd1 65. Bd7 Kd5 66. Kd2 Bb3 67. Bb5 Kd6 68. Ke3 Bd1
69. Be2 Bxa4 70. Bd3 Ke5 71. Kf3 Bd1+ 72. Kg3 a4 73. Bb1 a3 74. Ba2 Ke4 75.
c4 Kd4 76. Kf2 Bxg4 0-1

[Event "9th IBCA World Chess Cup Teams for Blind and Visually Impaired Chess Players 2022"]
[Site "Ohrid, North Macedonia"]
[Date "2022.07.01"]
[Round "4"]
[White "Badano, Giancarlo"]
[Black "Kljaic, Kresimir"]
[Result "1/2-1/2"]
[Board "4"]
[WhiteElo "1799"]
[BlackElo "1543"]
[PlyCount "80"]
[EventDate "2022.06.28"]
[EventType "team"]
[EventRounds "7"]
[EventCountry "MKD"]
[WhiteTeam "Italy"]
[BlackTeam "Croatia"]

1. e4 c5 2. Nc3 d6 3. g3 Nc6 4. Bg2 g6 5. f4 Bg7 6. Nf3 e6 7. O-O Nge7 8.
d3 O-O 9. Ne2 Rb8 10. c3 b6 11. Be3 Qd7 12. d4 f5 13. e5 dxe5 14. dxe5 Rd8
15. Qc2 Qd3 16. Qxd3 Rxd3 17. Bf2 h6 18. Rfd1 Ba6 19. Kf1 Rbd8 20. Ke1 Kf7
21. Rxd3 Rxd3 22. Rd1 Nd5 23. Nc1 Rxd1+ 24. Kxd1 Bf8 25. Kd2 Be7 26. b3 c4
27. Nd4 Nxd4 28. Bxd4 g5 29. Bxd5 exd5 30. Ne2 Ke6 31. b4 Bb5 32. a3 Be8
33. Be3 Bd7 34. Nd4+ Kf7 35. Nf3 g4 36. Nd4 Bd8 37. Nc2 h5 38. Ke2 h4 39.
Kf2 h3 40. Nd4 Ke7 1/2-1/2

[Event "9th IBCA World Chess Cup Teams for Blind and Visually Impaired Chess Players 2022"]
[Site "Ohrid, North Macedonia"]
[Date "2022.07.02"]
[Round "5"]
[White "Antonini, Franco"]
[Black "Streltsov, Alexey"]
[Result "0-1"]
[Board "1"]
[WhiteElo "2082"]
[BlackElo "2229"]
[PlyCount "54"]
[EventDate "2022.06.28"]
[EventType "team"]
[EventRounds "7"]
[EventCountry "MKD"]
[WhiteTeam "Italy"]
[BlackTeam "Israel"]

1. e4 e5 2. Nf3 Nc6 3. d4 exd4 4. Nxd4 Qf6 5. Be3 Bc5 6. c3 d6 7. Bb5 Bd7
8. Bxc6 Bxc6 9. Nd2 Qg6 10. Qf3 Bd7 11. Nf5 Bxe3 12. Nxe3 O-O-O 13. Qg3 Qh6
14. O-O Nf6 15. Rfe1 Nh5 16. Qf3 Nf4 17. Nef1 g5 18. Ng3 Kb8 19. Ne2 Rhg8
20. Nb3 f5 21. Nbd4 fxe4 22. Qxe4 c5 23. Nf5 Qf6 24. Nxf4 gxf4 25. Ne7 Rg7
26. Nd5 Qg5 27. h4 Qg4 0-1

[Event "9th IBCA World Chess Cup Teams for Blind and Visually Impaired Chess Players 2022"]
[Site "Ohrid, North Macedonia"]
[Date "2022.07.02"]
[Round "5"]
[White "Radovilsky, Yan"]
[Black "Casadei, Marco"]
[Result "1/2-1/2"]
[Board "2"]
[WhiteElo "2094"]
[BlackElo "1987"]
[PlyCount "29"]
[EventDate "2022.06.28"]
[EventType "team"]
[EventRounds "7"]
[EventCountry "MKD"]
[WhiteTeam "Israel"]
[BlackTeam "Italy"]

1. c4 g6 2. Nc3 Bg7 3. g3 d6 4. Bg2 e5 5. e4 Nc6 6. Nge2 f5 7. d3 Nf6 8.
exf5 Bxf5 9. O-O O-O 10. d4 Nxd4 11. Nxd4 exd4 12. Qxd4 c6 13. Bg5 Qd7 14.
Qd2 Rfe8 15. Rfe1 1/2-1/2

[Event "9th IBCA World Chess Cup Teams for Blind and Visually Impaired Chess Players 2022"]
[Site "Ohrid, North Macedonia"]
[Date "2022.07.02"]
[Round "5"]
[White "Vrioni, Bersan"]
[Black "Akman, Adi"]
[Result "1/2-1/2"]
[Board "3"]
[WhiteElo "1934"]
[BlackElo "2002"]
[PlyCount "77"]
[EventDate "2022.06.28"]
[EventType "team"]
[EventRounds "7"]
[EventCountry "MKD"]
[WhiteTeam "Italy"]
[BlackTeam "Israel"]

1. e4 e5 2. Nc3 Bc5 3. Bc4 Nc6 4. d3 d6 5. Nge2 Nf6 6. Na4 Bb6 7. Nxb6 axb6
8. c3 O-O 9. O-O Na5 10. Bb5 Be6 11. Ba4 Nd7 12. Be3 f5 13. exf5 Rxf5 14.
Ng3 Rf8 15. Bc2 Nc6 16. a3 d5 17. f4 d4 18. Bd2 dxc3 19. bxc3 Qe7 20. a4
exf4 21. Bxf4 Qc5+ 22. Kh1 Qxc3 23. Ne4 Qd4 24. Bxc7 Nde5 25. Rxf8+ Rxf8
26. Rb1 Nd7 27. Bb3 Bxb3 28. Qxb3+ Kh8 29. h3 h6 30. Bd6 Ra8 31. Bc7 Rxa4
32. Bxb6 Nxb6 33. Qxb6 Rb4 34. Rxb4 Qxb4 35. Qc7 Qb1+ 36. Kh2 Qxd3 37. Qc8+
Nd8 38. Nc5 Qd6+ 39. Kh1 1/2-1/2

[Event "9th IBCA World Chess Cup Teams for Blind and Visually Impaired Chess Players 2022"]
[Site "Ohrid, North Macedonia"]
[Date "2022.07.02"]
[Round "5"]
[White "Agmon, Yonatan"]
[Black "Badano, Giancarlo"]
[Result "0-1"]
[Board "4"]
[WhiteElo "1697"]
[BlackElo "1799"]
[PlyCount "59"]
[EventDate "2022.06.28"]
[EventType "team"]
[EventRounds "7"]
[EventCountry "MKD"]
[WhiteTeam "Israel"]
[BlackTeam "Italy"]

1. Nf3 d5 2. g3 Nf6 3. Bg2 g6 4. O-O Bg7 5. d4 O-O 6. c3 c6 7. Bf4 Bf5 8.
Nbd2 Qb6 9. Qb3 Nbd7 10. Rfe1 Ne4 11. Nh4 Nxd2 12. Qxb6 Nxb6 13. Nxf5 gxf5
14. Bxd2 Nc4 15. Bc1 Nd6 16. Bf4 Ne4 17. f3 Nf6 18. Rad1 Rfe8 19. Kf2 Rac8
20. Bh3 e6 21. Rg1 Kh8 22. Bf1 Rg8 23. h3 Nh5 24. Be3 Bf6 25. Bc1 Rxg3 26.
Bg2 Bh4 27. Kf1 Rcg8 28. Bd2 R3g6 29. Be3 Ng3+ 30. Ke1 0-1

[Event "9th IBCA World Chess Cup Teams for Blind and Visually Impaired Chess Players 2022"]
[Site "Ohrid, North Macedonia"]
[Date "2022.07.03"]
[Round "6"]
[White "Dimic, Pavle"]
[Black "Antonini, Franco"]
[Result "1-0"]
[Board "1"]
[WhiteElo "2356"]
[BlackElo "2082"]
[PlyCount "75"]
[EventDate "2022.06.28"]
[EventType "team"]
[EventRounds "7"]
[EventCountry "MKD"]
[WhiteTeam "Serbia"]
[BlackTeam "Italy"]

1. d4 d5 2. c4 c6 3. Nc3 Nf6 4. e3 g6 5. Nf3 Bg7 6. Be2 a6 7. O-O b5 8. b3
O-O 9. Bb2 Bg4 10. h3 Bxf3 11. Bxf3 e6 12. Qc2 Nbd7 13. e4 Nb6 14. e5 Nfd7
15. cxd5 cxd5 16. Qd2 Qe7 17. Be2 Rfc8 18. Bd3 Rc6 19. Ne2 Bf8 20. a3 Rac8
21. Bc3 R8c7 22. Bb4 Qd8 23. f4 h5 24. g3 Bxb4 25. axb4 Nc8 26. Kg2 Kg7 27.
Rh1 Qe7 28. g4 Qh4 29. g5 Ne7 30. Rhc1 f6 31. exf6+ Nxf6 32. gxf6+ Qxf6 33.
Rxc6 Rxc6 34. Rc1 Qf8 35. Rc5 Rd6 36. Ng1 Nc6 37. Nf3 a5 38. bxa5 1-0